[Event "WEM KT 2016"]
[Site "?"]
[Date "2016.08.28"]
[Round "2.7"]
[White "Wolf, Rainer"]
[Black "Bauer, Dieter"]
[Result "0-1"]
[WhiteElo "2013"]
[BlackElo "1724"]
[PlyCount "38"]
[EventDate "2016.??.??"]
[WhiteTeam "SC Weiße Dame Ulm"]
[BlackTeam "SF Kornwestheim"]

1. Nf3 d6 2. d4 Nd7 3. e3 e5 4. Bc4 Nb6 5. Be2 e4 6. Nfd2 d5 7. c4 c6 8. c5 Nd7
9. f4 h5 10. O-O Nh6 11. g3 Nf5 12. Nb3 Nf6 13. a4 Ng4 14. Bxg4 hxg4 15. Qe2
Qf6 16. Nc3 Qh6 17. Rf2 Nxg3 18. Qd1 Nf5 19. Qxg4 Nxd4 0-1

[Event "WEM KT 2016"]
[Site "?"]
[Date "2016.08.28"]
[Round "2.8"]
[White "Reindl, Knut"]
[Black "Müller, Thomas"]
[Result "1/2-1/2"]
[WhiteElo "1791"]
[BlackElo "2027"]
[PlyCount "73"]
[EventDate "2016.??.??"]
[WhiteTeam "SG Schwäbisch Gmünd"]
[BlackTeam "SV Schömberg"]

1. c4 Nf6 2. Nf3 g6 3. Nc3 Bg7 4. g3 d6 5. Bg2 O-O 6. O-O c5 7. d3 Nc6 8. a3 e5
9. Rb1 a5 10. Ne1 Be6 11. Bg5 h6 12. Bxf6 Qxf6 13. Nc2 Rfb8 14. b4 axb4 15.
axb4 cxb4 16. Nxb4 Nxb4 17. Rxb4 Qe7 18. Qb3 Ra7 19. Rb1 b6 20. Rxb6 Rxb6 21.
Qxb6 Bf8 22. Bd5 Bf5 23. Bg2 Be6 24. Bb7 Ra3 25. Qb4 Ra7 26. Bd5 Bf5 27. Nb5
Ra2 28. Bf3 e4 29. dxe4 Be6 30. Nc3 Ra7 31. Nd5 Bxd5 32. exd5 Bg7 33. Bg2 Bd4
34. Qd2 Ra1 35. Rxa1 Bxa1 36. e4 Kg7 37. h3 1/2-1/2

[Event "WEM KT 2016"]
[Site "?"]
[Date "2016.08.28"]
[Round "2.9"]
[White "Streiter, Manfred"]
[Black "Yi, Danny"]
[Result "1/2-1/2"]
[WhiteElo "1983"]
[BlackElo "1835"]
[PlyCount "117"]
[EventDate "2016.??.??"]
[WhiteTeam "SGem Vaihingen-Rohr"]
[BlackTeam "SF Kornwestheim"]

1. Nf3 Nf6 2. g3 g6 3. Bg2 Bg7 4. c4 c5 5. Nc3 Nc6 6. e3 O-O 7. O-O d6 8. a3
Qb6 9. d3 Bg4 10. Qc2 Rfd8 11. Rb1 a5 12. h3 Bxf3 13. Bxf3 Ne5 14. Bg2 e6 15.
Nb5 d5 16. b4 cxb4 17. axb4 Rac8 18. bxa5 Qxa5 19. Bd2 Qb6 20. Nd4 Qd6 21. Bb4
Qd7 22. Ba5 Re8 23. c5 Bf8 24. Bb6 Ra8 25. f4 Nc6 26. Nf3 Ra6 27. Ra1 Rea8 28.
Rxa6 Rxa6 29. Qb2 Bg7 30. d4 Ne4 31. Kh2 Qc8 32. Ra1 Qa8 33. Rxa6 Qxa6 34. Nd2
Nxd2 35. Qxd2 Qa3 36. Bf1 Qb3 37. Kg2 Bf6 38. Bc7 Bd8 39. Bxd8 Nxd8 40. Bd3 Nc6
41. Qc2 Qa3 42. Qd2 Nb4 43. Bb1 Qb3 44. Qc1 Kf8 45. Kf3 Ke7 46. g4 Nc6 47. Kf2
Na5 48. Qc2 Qb5 49. Ba2 Nc4 50. Qb3 Qa6 51. Qc2 Kd7 52. h4 Kc6 53. h5 Qb5 54.
hxg6 hxg6 55. Bb3 Na3 56. Qd1 Qb4 57. Ba4+ Nb5 58. Qc2 b6 59. cxb6+ 1/2-1/2

[Event "WEM KT 2016"]
[Site "?"]
[Date "2016.08.28"]
[Round "2.10"]
[White "Mayer, Dietmar"]
[Black "Klaiß, Thomas"]
[Result "1-0"]
[WhiteElo "1668"]
[BlackElo "1981"]
[PlyCount "45"]
[EventDate "2016.??.??"]
[WhiteTeam "SC Böblingen"]
[BlackTeam "SF Dornstetten-Pfalzgrafenweiler"]

1. e4 e5 2. Nf3 d6 3. d4 Nd7 4. Bc4 c6 5. O-O Be7 6. Nc3 Ngf6 7. Qd3 O-O 8. a3
Qc7 9. Ne2 exd4 10. Qxd4 Ne5 11. Nxe5 dxe5 12. Qe3 b5 13. Ba2 c5 14. c4 b4 15.
b3 a5 16. a4 Bb7 17. Bb1 Nd7 18. Ng3 Bc8 19. Nf5 Nb8 20. Qg3 Bf6 21. Bh6 Bxf5
22. exf5 Nc6 23. Bxg7 1-0

[Event "WEM KT 2016"]
[Site "?"]
[Date "2016.08.28"]
[Round "2.11"]
[White "Baars, Mario"]
[Black "Klaus, Daniel"]
[Result "1-0"]
[WhiteElo "1741"]
[BlackElo "1943"]
[PlyCount "73"]
[EventDate "2016.??.??"]
[WhiteTeam "SG Schwäbisch Gmünd"]
[BlackTeam "SC Feuerbach"]

1. e4 c5 2. d4 cxd4 3. c3 d3 4. Bxd3 g6 5. c4 Bg7 6. Nf3 Nc6 7. O-O d6 8. h3
Nf6 9. Nc3 O-O 10. Be3 Nd7 11. Qd2 Re8 12. Rab1 Nde5 13. Nxe5 Nxe5 14. Be2 Be6
15. b3 b6 16. f4 Nc6 17. f5 Bd7 18. Nd5 Ne5 19. Bg5 f6 20. Bh4 Qc8 21. g4 Bc6
22. Nc3 Qb7 23. Qe3 Nf7 24. g5 fxg5 25. fxg6 hxg6 26. Bxg5 Bxc3 27. Rxf7 Kxf7
28. Qxc3 Bxe4 29. Rf1+ Kg8 30. Bh6 e5 31. Bg4 d5 32. Qe3 Qe7 33. cxd5 Bxd5 34.
Qg3 Kh7 35. Be3 Rf8 36. Rd1 Bb7 37. Rd7 1-0

[Event "WEM KT 2016"]
[Site "?"]
[Date "2016.08.28"]
[Round "2.12"]
[White "Wendler, David"]
[Black "Lahouel, Kim-Luca"]
[Result "1-0"]
[WhiteElo "1912"]
[BlackElo "1706"]
[PlyCount "111"]
[EventDate "2016.??.??"]
[WhiteTeam "SK Bebenhausen"]
[BlackTeam "Heilbronner SV"]

1. c4 c6 2. g3 d5 3. b3 Nf6 4. Nf3 Bf5 5. Bg2 e6 6. Bb2 Be7 7. O-O O-O 8. d3
Nbd7 9. Nbd2 Re8 10. Re1 Bg4 11. h3 Bh5 12. e4 Nc5 13. e5 Nfd7 14. Nf1 Bg6 15.
d4 Nd3 16. Re2 Nxb2 17. Rxb2 Bb4 18. Re2 Ba3 19. Nh4 Bh5 20. Bf3 Qg5 21. Rb1 a5
22. Re3 Bxf3 23. Nxf3 Qh5 24. Kg2 Be7 25. Qe2 Qg6 26. Rd1 dxc4 27. bxc4 Nb6 28.
Rb3 Bd8 29. Rdb1 Na4 30. Qd2 b6 31. Ne3 Be7 32. a3 Red8 33. Qe1 Qe4 34. Rd1
Rab8 35. Rd2 Kf8 36. Qd1 b5 37. cxb5 Rxb5 38. Rxb5 cxb5 39. Qb3 Qb7 40. d5 Nc5
41. Qc2 exd5 42. Qxh7 Ke8 43. Qxg7 Ne6 44. Qh8+ Bf8 45. Nf5 Kd7 46. Qf6 Kc8 47.
Rc2+ Kb8 48. N3d4 Re8 49. Nc6+ Ka8 50. Nxa5 Qd7 51. Nd6 Bxd6 52. exd6 Ka7 53.
Qe5 Kb6 54. Rc6+ Ka7 55. Qxd5 Rh8 56. Rc7+ (56. Qxb5 Nf4+ 57. Kf3) 1-0

[Event "WEM KT 2016"]
[Site "?"]
[Date "2016.08.28"]
[Round "2.13"]
[White "Zimmermann, Tobias"]
[Black "Heining, Thomas"]
[Result "1/2-1/2"]
[WhiteElo "1820"]
[BlackElo "2122"]
[PlyCount "119"]
[EventDate "2016.??.??"]
[WhiteTeam "SC Botnang"]
[BlackTeam "SC Böblingen"]

1. c4 Nf6 2. Nc3 g6 3. g3 Bg7 4. Bg2 O-O 5. Nf3 d6 6. O-O Nc6 7. d3 h6 8. Rb1
a5 9. a3 e5 10. Qc2 Be6 11. Nd2 Qd7 12. Nd5 Bh3 13. b4 Bxg2 14. Kxg2 Nxd5 15.
cxd5 Nd4 16. Qd1 axb4 17. Rxb4 c6 18. dxc6 bxc6 19. e3 Ne6 20. Nc4 Qc7 21. Qb3
Rab8 22. Bd2 c5 23. Rxb8 Rxb8 24. Qc2 d5 25. Na5 Rb5 26. Qa4 Qb6 27. e4 Nc7 28.
exd5 Nxd5 29. Qe4 Nf6 30. Qc6 Qxc6+ 31. Nxc6 e4 32. Ne5 exd3 33. Nxd3 Ne4 34.
Be3 c4 35. Nb4 Bb2 36. Bc1 Bg7 37. Rd1 Bf8 38. Rd8 g5 39. Rc8 Nd6 40. Rc6 Kg7
41. Bb2+ f6 42. Bd4 Ra5 43. Bc5 Nf7 44. Bxf8+ Kxf8 45. Rxf6 Rxa3 46. Rc6 Ne5
47. Rxh6 Ra4 48. Nd5 Ra5 49. Ne3 Rc5 50. Rh5 Nf7 51. h4 c3 52. hxg5 Kg7 53. Rh1
Nxg5 54. Rc1 Ne6 55. Nd1 c2 56. Ne3 Nd4 57. Kf1 Kf6 58. Ke1 Ke6 59. Nxc2 Rxc2
60. Rxc2 1/2-1/2

[Event "WEM KT 2016"]
[Site "?"]
[Date "2016.08.28"]
[Round "2.15"]
[White "Löwe, Joachim"]
[Black "Handel, Heinz"]
[Result "1-0"]
[WhiteElo "1886"]
[BlackElo "1661"]
[PlyCount "69"]
[EventDate "2016.??.??"]
[WhiteTeam "SK Schmiden/Cannstatt"]
[BlackTeam "Rochade Metzingen"]

1. e4 e5 2. Nf3 d6 3. Bc4 h6 4. O-O Nf6 5. Re1 Nbd7 6. a4 a5 7. d4 c6 8. dxe5
dxe5 9. h3 Be7 10. Nc3 O-O 11. Be3 Bb4 12. Nd2 Bxc3 13. bxc3 b6 14. Qe2 Bb7 15.
Red1 c5 16. f3 Qe7 17. Bb5 Nb8 18. Nc4 Nfd7 19. Rd6 Ba6 20. Bxa6 Rxa6 21. Rad1
f6 22. Qd3 Rd8 23. Nxb6 Kf7 24. Qd5+ Kf8 25. Nxd7+ Rxd7 26. Rxd7 Nxd7 27. Qxd7
Qxd7 28. Rxd7 Rc6 29. c4 Kg8 30. Ra7 Rb6 31. Bxc5 Rb1+ 32. Kh2 Rc1 33. Bg1 Rxc2
34. c5 Kh7 35. Rxa5 1-0

[Event "WEM KT 2016"]
[Site "?"]
[Date "2016.08.28"]
[Round "2.16"]
[White "Baumeister, Jürgen"]
[Black "Reindl, Arno"]
[Result "0-1"]
[WhiteElo "1818"]
[BlackElo "1809"]
[PlyCount "112"]
[EventDate "2016.??.??"]
[WhiteTeam "SC Asperg"]
[BlackTeam "SG Schwäbisch Gmünd"]

1. Nc3 c5 2. Nf3 d6 3. e4 Nc6 4. d4 cxd4 5. Nxd4 g6 6. Be3 Nf6 7. Qd2 Bg7 8. f3
O-O 9. O-O-O d5 10. Qe1 e5 11. Nxc6 bxc6 12. exd5 cxd5 13. Bg5 Qc7 14. Bxf6
Bxf6 15. Nxd5 Bg5+ 16. Kb1 Qb8 17. h4 Bd8 18. f4 exf4 19. Qc3 Be6 20. Nf6+ Bxf6
21. Qxf6 Qb6 22. b3 Bf5 23. Rd6 Qf2 24. Bd3 Qxg2 25. Rc1 Bxd3 26. Rxd3 Qh2 27.
Rd5 Rae8 28. h5 Re6 29. Qc3 Qh4 30. Rg1 Rfe8 31. hxg6 hxg6 32. Rdd1 Qf6 33. Qh3
Qg7 34. Qg4 Qf6 35. Rgf1 g5 36. Rg1 Re5 37. Qd7 Qe7 38. Qd4 Re4 39. Qd5 Re5 40.
Qd4 f3 41. Rh1 Qf6 42. Rhf1 Qf5 43. Rf2 Re2 44. Rxe2 fxe2 45. Re1 Qf4 46. Qd3
Qf2 47. Qd2 Re5 48. Kb2 g4 49. Qd8+ Kg7 50. Rh1 e1=Q 51. Qh8+ Kg6 52. Rh6+ Kg5
53. Rh5+ Kf4 54. Qf6+ Kg3 55. Qh4+ Kf3 56. Qf6+ Kg2 0-1

[Event "WEM KT 2016"]
[Site "?"]
[Date "2016.08.28"]
[Round "2.17"]
[White "Tölg, Wolfgang"]
[Black "Ruff, Robert"]
[Result "0-1"]
[WhiteElo "1597"]
[BlackElo "1864"]
[PlyCount "34"]
[EventDate "2016.??.??"]
[WhiteTeam "SF Oeffingen"]
[BlackTeam "SK Sachsenheim"]

1. e4 e6 2. d4 d5 3. Nc3 Bb4 4. Bd2 Bxc3 5. Bxc3 dxe4 6. Qd2 Nf6 7. f3 Qd5 8.
b3 b5 9. O-O-O O-O 10. Be2 a5 11. Bxa5 Nc6 12. Bxc7 Rxa2 13. Kb1 Ra7 14. Bb6
Rb7 15. Ba5 b4 16. Bxb4 Rxb4 17. Bc4 Qxc4 0-1

[Event "WEM KT 2016"]
[Site "?"]
[Date "2016.08.28"]
[Round "2.18"]
[White "Handel, Oliver"]
[Black "Reindl, Jork"]
[Result "1/2-1/2"]
[WhiteElo "1854"]
[BlackElo "1436"]
[PlyCount "58"]
[EventDate "2016.??.??"]
[WhiteTeam "SF Kornwestheim"]
[BlackTeam "SG Schwäbisch Gmünd"]

1. e4 e5 2. Nf3 Nc6 3. Bb5 Bd6 4. O-O Nf6 5. Re1 O-O 6. d4 Re8 7. d5 Ne7 8. Bg5
Ng6 9. c4 h6 10. Bd2 Qe7 11. a3 c6 12. Ba4 a5 13. Nc3 Bc5 14. h3 Nh5 15. Be3
Bd6 16. g3 Nf6 17. Qd2 c5 18. Rad1 Rd8 19. Qd3 Bb8 20. d6 Qe6 21. Kg2 b6 22.
Nh2 Ne8 23. Nb5 Ba6 24. Nc7 Nxc7 25. dxc7 Bxc7 26. b3 d6 27. Bc6 Rab8 28. f4
Ne7 29. f5 Qc8 1/2-1/2

[Event "WEM KT 2016"]
[Site "?"]
[Date "2016.08.29"]
[Round "3.1"]
[White "Gehringer, Frank"]
[Black "Gustain, Marc"]
[Result "0-1"]
[WhiteElo "2010"]
[BlackElo "2131"]
[PlyCount "66"]
[EventDate "2016.??.??"]
[WhiteTeam "SC Leinfelden"]
[BlackTeam "SF Deizisau"]

1. f4 d5 2. Nf3 Bg4 3. e3 Nd7 4. Be2 Ngf6 5. d4 e6 6. Nbd2 c5 7. c3 Be7 8. O-O
O-O 9. Ne5 Bxe2 10. Qxe2 Rc8 11. Ndf3 Ne4 12. Nxd7 Qxd7 13. Ne5 Qe8 14. Bd2 a6
15. Rf3 f6 16. Ng4 Qa4 17. Be1 cxd4 18. exd4 Bd6 19. Nf2 f5 20. Nd3 Qe8 21. Bf2
b5 22. Be3 a5 23. a3 Rf7 24. Rc1 Rb7 25. Rff1 h6 26. Kh1 Rf7 27. Kg1 Rb7 28.
Kh1 Kh7 29. Rg1 b4 30. cxb4 Rxc1 31. Bxc1 axb4 32. axb4 Qb5 33. g4 Qxd3 0-1

[Event "WEM KT 2016"]
[Site "?"]
[Date "2016.08.29"]
[Round "3.2"]
[White "Keller, Joachim"]
[Black "Muschkowski, Jürgen"]
[Result "1/2-1/2"]
[WhiteElo "1901"]
[BlackElo "2090"]
[PlyCount "28"]
[EventDate "2016.??.??"]
[WhiteTeam "SK Bebenhausen"]
[BlackTeam "SV Balingen"]

1. d4 g6 2. e4 d6 3. f4 d5 4. exd5 Qxd5 5. Nc3 Qd8 6. Be3 Bg7 7. Qd2 Nf6 8. Nf3
c6 9. Bd3 Bf5 10. O-O-O e6 11. h3 Bxd3 12. Qxd3 Na6 13. a3 Nc7 14. Kb1 Ncd5
1/2-1/2

[Event "WEM KT 2016"]
[Site "?"]
[Date "2016.08.29"]
[Round "3.3"]
[White "Bauer, Dieter"]
[Black "Fuß, Klaus"]
[Result "0-1"]
[WhiteElo "1724"]
[BlackElo "2055"]
[PlyCount "52"]
[EventDate "2016.??.??"]
[WhiteTeam "SF Kornwestheim"]
[BlackTeam "SG Turm Albstadt"]

1. d4 Nf6 2. Nf3 e6 3. e3 b6 4. Bd3 Bb7 5. Nbd2 d5 6. Ne5 Bd6 7. f4 Ne4 8. Nxe4
dxe4 9. Bb5+ c6 10. Be2 O-O 11. O-O Qc7 12. b3 c5 13. Bb2 Rd8 14. c3 Bxe5 15.
fxe5 Nc6 16. Qe1 a6 17. Qg3 b5 18. Rf4 Ne7 19. Qh3 Ng6 20. Rf2 Rd7 21. Raf1
Rad8 22. c4 Qb6 23. d5 exd5 24. e6 fxe6 25. Bg4 Re7 26. Bh5 e5 0-1

[Event "WEM KT 2016"]
[Site "?"]
[Date "2016.08.29"]
[Round "3.4"]
[White "Lelumees, Brait"]
[Black "Baars, Mario"]
[Result "1-0"]
[WhiteElo "2213"]
[BlackElo "1741"]
[PlyCount "71"]
[EventDate "2016.??.??"]
[WhiteTeam "SK Schwäbisch Hall"]
[BlackTeam "SG Schwäbisch Gmünd"]

1. e4 c5 2. Nf3 e6 3. d4 cxd4 4. Nxd4 a6 5. c4 Nf6 6. Nc3 Qc7 7. a3 d6 8. Be3
Nbd7 9. Rc1 b6 10. Be2 Bb7 11. Qc2 Be7 12. O-O O-O 13. Qb1 Rac8 14. f3 Qb8 15.
Rfd1 Rfd8 16. Bf2 Qa8 17. Kh1 d5 18. cxd5 exd5 19. Nf5 Bf8 20. exd5 Nxd5 21.
Nxd5 Bxd5 22. Rxc8 Rxc8 23. Qd3 Bc4 24. Qxd7 Bxe2 25. Nh6+ Kh8 26. Nxf7+ Kg8
27. Nh6+ Kh8 28. Nf7+ Kg8 29. Bd4 Qc6 30. Qxc6 Rxc6 31. Ne5 Rc2 32. Re1 b5 33.
h3 b4 34. axb4 Bxb4 35. Bc3 Rxb2 36. Bxb4 1-0

[Event "WEM KT 2016"]
[Site "?"]
[Date "2016.08.29"]
[Round "3.5"]
[White "Mayer, Dietmar"]
[Black "Fischer, Dietmar"]
[Result "0-1"]
[WhiteElo "1668"]
[BlackElo "1944"]
[PlyCount "54"]
[EventDate "2016.??.??"]
[WhiteTeam "SC Böblingen"]
[BlackTeam "SC Böblingen"]

1. Nf3 c5 2. b3 g6 3. Bb2 Nf6 4. c4 Bg7 5. g3 O-O 6. Bg2 Nc6 7. O-O d6 8. d4
Nd7 9. e4 Re8 10. Re1 cxd4 11. Nxd4 Qb6 12. e5 Bxe5 13. Re4 Nf6 14. Rh4 g5 15.
Nf3 gxh4 16. Nc3 hxg3 17. hxg3 Ne4 18. Nxe4 Bxb2 19. Nfg5 Bf5 20. Nxh7 Bxa1 21.
Neg5 Qd4 22. Qf3 Bg6 23. Bh3 Ne5 24. Nf6+ exf6 25. Qxf6 Qd1+ 26. Kg2 Nd3 27.
Bf5 Bxf6 0-1

[Event "WEM KT 2016"]
[Site "?"]
[Date "2016.08.29"]
[Round "3.6"]
[White "Schaffert, Walter"]
[Black "Löwe, Joachim"]
[Result "1-0"]
[WhiteElo "2069"]
[BlackElo "1886"]
[PlyCount "79"]
[EventDate "2016.??.??"]
[WhiteTeam "SG Ludwigsburg"]
[BlackTeam "SK Schmiden/Cannstatt"]

1. e4 c6 2. d4 d5 3. exd5 Qxd5 4. Nc3 Qd8 5. Bc4 e6 6. Nf3 Nf6 7. O-O Be7 8.
Ne5 O-O 9. f4 Nd5 10. Ne4 f6 11. Nf3 b6 12. Re1 Ba6 13. Bxa6 Nxa6 14. Qe2 Nac7
15. a3 Bd6 16. g3 b5 17. c4 bxc4 18. Qxc4 Qd7 19. Bd2 Rab8 20. b3 Rfe8 21. Rec1
Bf8 22. b4 Rb6 23. Ra2 Kh8 24. Rac2 Qf7 25. Qd3 Qd7 26. Rc4 Rd8 27. Qc2 Nb5 28.
Qb3 Nbc7 29. Ne1 a5 30. Nd3 axb4 31. Bxb4 Ne3 32. Ndc5 Bxc5 33. Nxc5 Qd5 34.
Qxe3 Qf5 35. Ba5 Rb2 36. Bxc7 Rc8 37. Qxe6 Rg2+ 38. Kxg2 Qd5+ 39. Qxd5 cxd5 40.
Rb4 1-0

[Event "WEM KT 2016"]
[Site "?"]
[Date "2016.08.29"]
[Round "3.7"]
[White "Müller, Thomas"]
[Black "Reindl, Arno"]
[Result "1/2-1/2"]
[WhiteElo "2027"]
[BlackElo "1809"]
[PlyCount "41"]
[EventDate "2016.??.??"]
[WhiteTeam "SV Schömberg"]
[BlackTeam "SG Schwäbisch Gmünd"]

1. d4 Nf6 2. Nf3 e6 3. e3 c5 4. Bd3 cxd4 5. exd4 b6 6. Bg5 Be7 7. Nbd2 Bb7 8.
O-O O-O 9. Rc1 d6 10. c4 Nbd7 11. Qe2 Rc8 12. a3 d5 13. Rfd1 Re8 14. b4 dxc4
15. Nxc4 Nd5 16. Bxe7 Qxe7 17. Qe4 Nf8 18. Qe1 Nd7 19. Qe4 Nf8 20. Qe1 Nd7 21.
Qe4 1/2-1/2

[Event "WEM KT 2016"]
[Site "?"]
[Date "2016.08.29"]
[Round "3.8"]
[White "Ruff, Robert"]
[Black "Wendler, David"]
[Result "0-1"]
[WhiteElo "1864"]
[BlackElo "1912"]
[PlyCount "186"]
[EventDate "2016.??.??"]
[WhiteTeam "SK Sachsenheim"]
[BlackTeam "SK Bebenhausen"]

1. d4 Nf6 2. c4 e6 3. Nc3 Bb4 4. e3 b6 5. Nge2 Bb7 6. a3 Be7 7. Nf4 O-O 8. Bd3
c5 9. O-O d6 10. d5 e5 11. Nh3 Nbd7 12. Bc2 a6 13. a4 Ne8 14. f4 exf4 15. exf4
Nc7 16. Qd3 g6 17. Bd2 f5 18. Ng5 Bxg5 19. fxg5 Ne5 20. Qe2 Qd7 21. b3 Rae8 22.
Qf2 Rf7 23. Rae1 b5 24. Qf4 Rfe7 25. h3 Qd8 26. Nd1 Na8 27. Nb2 Nb6 28. Bc3
Nbd7 29. Re3 b4 30. Bd2 Nf7 31. Rfe1 Rxe3 32. Rxe3 Nde5 33. Re1 Re7 34. Kf1 Qe8
35. Re3 Bc8 36. Nd1 Nd7 37. Rxe7 Qxe7 38. Nf2 Nde5 39. h4 Kf8 40. Nh3 Ke8 41.
Qe3 Kd8 42. g3 Kc7 43. Nf4 a5 44. Bd1 Kb6 45. Bc1 Qf8 46. Qe2 Qg7 47. Qd2 Bd7
48. Ne6 Qh8 49. Kg2 Qe8 50. Nf4 Qh8 51. Bb2 Qe8 52. Qf2 h6 53. Nh3 Nd3 54. Qd2
Qe4+ 55. Kh2 Nxb2 56. Qxb2 hxg5 57. Qf6 Qe3 58. Qxf7 Qd2+ 59. Kh1 Qxd1+ 60. Ng1
Kc7 61. Qxg6 gxh4 62. gxh4 f4 63. Qf7 Qg4 64. h5 Qh4+ 65. Kg2 Qg3+ 66. Kf1 Qd3+
67. Kg2 Qe4+ 68. Kf1 Qd3+ 69. Kg2 Qg3+ 70. Kf1 Qh2 71. Qh7 Qg3 72. Qf7 Qd3+ 73.
Kg2 Qxb3 74. h6 Qc2+ 75. Kh1 Qf5 76. Qg7 Qh5+ 77. Kg2 b3 78. h7 b2 79. h8=Q
Qxh8 80. Qxh8 b1=Q 81. Qc3 Qa2+ 82. Kf3 Qxa4 83. Ne2 Qb4 84. Kxf4 Kb6 85. Kg5
Qb1 86. Nc1 Qf5+ 87. Kh6 Qh3+ 88. Qxh3 Bxh3 89. Kg5 Bf1 90. Kf6 Bxc4 91. Ke7
Kc7 92. Kf6 a4 93. Kf5 a3 0-1

[Event "WEM KT 2016"]
[Site "?"]
[Date "2016.08.29"]
[Round "3.9"]
[White "Lüdke, Joshua"]
[Black "Schömbs, Oliver"]
[Result "0-1"]
[WhiteElo "1934"]
[BlackElo "1874"]
[PlyCount "80"]
[EventDate "2016.??.??"]
[WhiteTeam "SV Marbach"]
[BlackTeam "SC Ingersheim"]

1. d4 Nf6 2. c4 g6 3. Nc3 Bg7 4. e4 d6 5. Nf3 O-O 6. Be2 e5 7. d5 Nbd7 8. b4 a5
9. Ba3 Nh5 10. O-O Nf4 11. Ne1 Nxe2+ 12. Qxe2 Nf6 13. Nd3 Nh5 14. g3 f5 15. f3
Qg5 16. c5 Nf4 17. Qd1 Nh3+ 18. Kg2 h5 19. cxd6 cxd6 20. bxa5 Qd8 21. Bb4 Rf7
22. Nb2 Ng5 23. h4 fxe4 24. hxg5 exf3+ 25. Rxf3 Bg4 26. Rxf7 Bxd1 27. Rxg7+
Kxg7 28. Rxd1 Qxg5 29. Bxd6 h4 30. Ne4 Qf5 31. Nd2 h3+ 32. Kg1 Rxa5 33. Ndc4
Qe4 34. Bxe5+ Kg8 35. Rd2 Rxd5 36. Rf2 b5 37. Bc3 bxc4 38. Kh2 Rf5 39. Rd2 Rf1
40. Rd8+ Kf7 0-1

[Event "WEM KT 2016"]
[Site "?"]
[Date "2016.08.29"]
[Round "3.10"]
[White "Engelhardt, Frank"]
[Black "Streiter, Manfred"]
[Result "0-1"]
[WhiteElo "1819"]
[BlackElo "1983"]
[PlyCount "116"]
[EventDate "2016.??.??"]
[WhiteTeam "SC Botnang"]
[BlackTeam "SGem Vaihingen-Rohr"]

1. e4 e6 2. d4 d5 3. Nc3 dxe4 4. Nxe4 Bd7 5. Nf3 Bc6 6. Bd3 Nf6 7. Qe2 Be7 8.
O-O Nbd7 9. Ne5 Bxe4 10. Bxe4 Nxe4 11. Qxe4 c6 12. f4 Nf6 13. Qd3 O-O 14. c3 c5
15. Be3 Qb6 16. Rab1 cxd4 17. Bxd4 Bc5 18. Bxc5 Qxc5+ 19. Kh1 Rfd8 20. Qf3 Qd5
21. c4 Qxf3 22. Rxf3 Ne4 23. Re1 Rd2 24. h3 Nf6 25. Rb3 b6 26. a4 Nd7 27. Rd3
Rxd3 28. Nxd3 Kf8 29. Kg1 Rd8 30. Kf2 Nc5 31. Nxc5 bxc5 32. Ke3 Rb8 33. Rb1
Rb3+ 34. Ke4 Ke7 35. g4 a5 36. h4 f6 37. f5 h5 38. gxh5 Rh3 39. fxe6 Kxe6 40.
Rg1 Rxh4+ 41. Kd3 Kf7 42. b4 Rd4+ 43. Kc3 axb4+ 44. Kb3 Rd3+ 45. Kb2 Ra3 46.
Rd1 Rxa4 47. Rd7+ Kg8 48. Rc7 Ra5 49. Rb7 Ra6 50. Rc7 f5 51. Rxc5 Rf6 52. Rd5
f4 53. Rd2 Kh7 54. Kb3 Kh6 55. Kxb4 f3 56. Rf2 Kxh5 57. c5 Kg4 58. Kb5 Kg3 0-1

[Event "WEM KT 2016"]
[Site "?"]
[Date "2016.08.29"]
[Round "3.11"]
[White "Radek, Dieter"]
[Black "Yi, Danny"]
[Result "1/2-1/2"]
[WhiteElo "1962"]
[BlackElo "1835"]
[PlyCount "100"]
[EventDate "2016.??.??"]
[WhiteTeam "SV Oberstenfeld"]
[BlackTeam "SF Kornwestheim"]

1. e4 e5 2. Nf3 Nc6 3. Bc4 Bc5 4. c3 Nf6 5. d3 d6 6. O-O O-O 7. h3 Bb6 8. Re1
Re8 9. Nbd2 Be6 10. Bb5 a6 11. Ba4 h6 12. d4 exd4 13. cxd4 Bd7 14. e5 dxe5 15.
dxe5 Nd5 16. Nc4 Be6 17. Qe2 Qe7 18. a3 Rad8 19. Bc2 Qc5 20. Nxb6 Qxb6 21. Qe4
f5 22. exf6 Nxf6 23. Qh4 Qc5 24. Bg6 Bf7 25. Be3 Qb5 26. a4 Qb4 27. Bxf7+ Kxf7
28. Qg3 Re7 29. Nh4 Ne5 30. Bxh6 gxh6 31. Rxe5 Rxe5 32. Qxe5 Qxh4 33. Re1 Qb4
34. Qxc7+ Rd7 35. Qc1 h5 36. Re3 Qxa4 37. b3 Qd4 38. Kh2 Qd6+ 39. g3 b5 40. Qc2
Qd5 41. Qc8 Qb7 42. Qc3 Rc7 43. Qd3 Qd5 44. Qb1 a5 45. Qe1 a4 46. bxa4 bxa4 47.
Qb1 Rb7 48. Qa1 Ra7 49. Qa3 Qb5 50. Rf3 Qc6 1/2-1/2

[Event "WEM KT 2016"]
[Site "?"]
[Date "2016.08.29"]
[Round "3.12"]
[White "Kasüschke, Lars"]
[Black "Reindl, Knut"]
[Result "1-0"]
[WhiteElo "1941"]
[BlackElo "1791"]
[PlyCount "43"]
[EventDate "2016.??.??"]
[WhiteTeam "SG Schwäbisch Gmünd"]
[BlackTeam "SG Schwäbisch Gmünd"]

1. b3 e5 2. Bb2 Nc6 3. e3 Nf6 4. Bb5 d6 5. Ne2 Bd7 6. O-O g6 7. f4 Bg7 8. Na3
O-O 9. Nc4 exf4 10. Nxf4 a6 11. Bxc6 Bxc6 12. Na5 Qd7 13. Qe2 Nd5 14. Bxg7 Nxf4
15. Rxf4 Kxg7 16. Qc4 f5 17. Qc3+ Kg8 18. Rc4 Qg7 19. Nxc6 bxc6 20. Qxg7+ Kxg7
21. Rxc6 Rf7 22. Rf1 1-0

[Event "WEM KT 2016"]
[Site "?"]
[Date "2016.08.29"]
[Round "3.13"]
[White "Heining, Thomas"]
[Black "Handel, Oliver"]
[Result "1-0"]
[WhiteElo "2122"]
[BlackElo "1854"]
[PlyCount "79"]
[EventDate "2016.??.??"]
[WhiteTeam "SC Böblingen"]
[BlackTeam "SF Kornwestheim"]

1. e4 c5 2. Nf3 d6 3. d4 cxd4 4. Nxd4 Nf6 5. Nc3 a6 6. h3 e5 7. Nde2 Be7 8. g4
Be6 9. Bg2 Nbd7 10. Ng3 g6 11. Bh6 Nb6 12. b3 Qc7 13. Nd5 Bxd5 14. exd5 Qc3+
15. Bd2 Qc7 16. c4 O-O 17. O-O a5 18. f4 exf4 19. Rxf4 Nfd7 20. Bc3 Ne5 21. Ne4
Nbd7 22. Rf1 b6 23. Nd2 Bf6 24. Ne4 Be7 25. a4 Rac8 26. Ra2 f6 27. Raf2 Rf7 28.
h4 Rcf8 29. Bh3 Qd8 30. Qe2 Kg7 31. Bd4 Qc7 32. Be3 Qd8 33. Qd2 Re8 34. Nc3 Nc5
35. Bxc5 dxc5 36. Ne2 g5 37. hxg5 fxg5 38. Ng3 Rxf2 39. Rxf2 Bd6 40. Nf5+ 1-0

[Event "WEM KT 2016"]
[Site "?"]
[Date "2016.08.29"]
[Round "3.14"]
[White "Lahouel, Kim-Luca"]
[Black "Wolf, Rainer"]
[Result "0-1"]
[WhiteElo "1706"]
[BlackElo "2013"]
[PlyCount "65"]
[EventDate "2016.??.??"]
[WhiteTeam "Heilbronner SV"]
[BlackTeam "SC Weiße Dame Ulm"]

1. e4 g6 2. d4 Bg7 3. Nc3 d6 4. h3 a6 5. Nf3 b5 6. Bd3 Nd7 7. a4 b4 8. Ne2 Bb7
9. O-O c5 10. d5 Ngf6 11. Nd2 O-O 12. a5 e6 13. dxe6 fxe6 14. c4 Ne5 15. Bb1
Nc6 16. Nb3 Ne5 17. Nd2 Qc7 18. f4 Nc6 19. Nb3 e5 20. f5 Nd4 21. Ng3 Rae8 22.
Bg5 gxf5 23. Nxd4 exd4 24. Bxf6 Rxf6 25. exf5 Qc6 26. Rf2 Rh6 27. Qg4 Re1+ 28.
Kh2 d3 29. f6 Rxf6 30. Rd2 Rg6 31. Qf3 Be5 32. Rxd3 Bxg3+ 33. Qxg3 0-1

[Event "WEM KT 2016"]
[Site "?"]
[Date "2016.08.29"]
[Round "3.15"]
[White "Klaiß, Thomas"]
[Black "Zimmermann, Tobias"]
[Result "1-0"]
[WhiteElo "1981"]
[BlackElo "1820"]
[PlyCount "63"]
[EventDate "2016.??.??"]
[WhiteTeam "SF Dornstetten-Pfalzgrafenweiler"]
[BlackTeam "SC Botnang"]

1. d4 d5 2. Nf3 Nf6 3. c4 e6 4. Nc3 c6 5. e3 Nbd7 6. Qc2 Be7 7. a3 O-O 8. Bd3
dxc4 9. Bxc4 b5 10. Ba2 Bb7 11. O-O a6 12. b4 a5 13. Rb1 axb4 14. axb4 Nd5 15.
Bxd5 cxd5 16. Bd2 Qb6 17. Qd3 Rfc8 18. Rb3 Rc4 19. Rfb1 Bd6 20. Be1 Nf6 21. Nd2
Ne4 22. Ncxe4 dxe4 23. Nxc4 bxc4 24. Qxc4 Ba6 25. b5 Bb7 26. Qe2 Bd5 27. R3b2
e5 28. Bc3 Qc7 29. dxe5 Bxe5 30. Bxe5 Qxe5 31. b6 Bc4 32. Qxc4 1-0